| 000 | 00848nas a2200277 4500 | ||
|---|---|---|---|
| 001 | BR7800402 | ||
| 003 | BR-BrBNA | ||
| 005 | 20231205083303.0 | ||
| 007 | ta | ||
| 008 | 230509b bl.|||p| |||| 00| 00por d | ||
| 040 |
_aBR-BrBNA _bpor _cBiblioteca Nacional de Agricultura |
||
| 041 | _a(Pt) | ||
| 072 | _aQ20 | ||
| 100 | 1 | _aBrum, M.A.R. de | |
| 100 | 1 | _aPieniz, L.C. | |
| 100 | 1 | _aSilva, L.H.V. da | |
| 100 | 1 | _aShclabitz, J.C. | |
| 245 | 1 | _aStreptococcus termoduricos no leite cru consumido em Santa Maria, Rio Grande do Sul [Germe] | |
| 650 | _aMICROBIOLOGIA DE ALIMENTO | ||
| 650 | _aLEITE | ||
| 650 | _aGERME | ||
| 650 | _aRIO GRANDE DO SUL | ||
| 773 | 0 |
_tRevista do Centro de Ciencias Rurais (Brazil) _xISSN 0085-5901 _g(Mar 1977), v. 7(1) p. 33-35 _wBR7800402 |
|
| 909 |
_a202311 _bLúcia _c55 _dLúcia Elande |
||
| 942 |
_2AGRIS _n0 _cANA |
||
| 999 |
_c97730 _d97730 |
||